[Event "Budapest FS03 GM"]
[Site "Budapest"]
[Date "1996.??.??"]
[Round "6"]
[White "Namgilov, Sogto"]
[Black "Acs, Peter"]
[Result "1/2-1/2"]
[WhiteElo "2425"]
[BlackElo "2440"]
[Annotator "Horn,Pe"]
[PlyCount "110"]
[EventDate "1996.03.??"]
[EventType "tourn"]
[EventRounds "13"]
[EventCountry "HUN"]
[EventCategory "9"]
[SourceTitle "CBM 053"]
[Source "ChessBase"]
[SourceDate "1996.08.01"]
[SourceVersion "1"]
[SourceVersionDate "1996.08.01"]
[SourceQuality "1"]

1. c4 c6 2. Nf3 Nf6 3. g3 d5 4. Bg2 dxc4 5. a4 Bf5 {Hier hat Schwarz die freie
Auswahl. (Fast) alle sinnvollen Züge wurden schon gespielt.} (5... g6) (5... e6
) (5... Be6) (5... a5) (5... Na6) (5... Nbd7) (5... Ne4) 6. Na3 Qd5 {Ein
übliches Manöver im Reti-Gambit: der Rückgewinn des Pc4 wird erschwert.} (6...
e6 $6 7. Nxc4 $14) 7. Nh4 Be4 8. f3 Bg6 9. e4 (9. Nxg6 hxg6 10. Qc2 e6 11. Nxc4
Na6 $15 12. Ne3 Qd8 13. a5 $6 Nd5 14. Ng4 $2 Bb4 $17 {Weyrich-Slobodjan/2.BLN/
1994}) 9... Qd4 10. Qe2 $146 (10. Nc2 Qd8 11. Ne3 e6 12. Nxc4 Bc5 13. d3 Na6
14. Nxg6 hxg6 15. e5 Nd5 16. d4 Nb6 17. Nxb6 Bxb6 18. Be3 Nb4 19. O-O Nd5 20.
Bf2 g5 $15 {Tosic-Onischuk/Alushta/1994}) (10. Qc2 Na6 11. Qxc4 Qxc4 12. Nxc4 {
->Knol-Boersma}) 10... Na6 {[%csl Rc1,Rg2] Weiß gewinnt den Pc4 zurück und er
hat das B-Paar erobert. Er kann aber dennoch kaum auf Vorteil rechnen, da die
schwarze Bauernstruktur gesünder ist, und die weißen Läufer keine Wirkung
entfalten.} 11. Bf1 (11. Nxc4 $143 Nb4 12. Ne3 Nd3+ 13. Kd1 Nxb2+ 14. Bxb2 Qxb2
$17) (11. Qxc4 Qxc4 12. Nxc4 Nb4 13. Ke2 e6 14. d3 Bc5 15. Be3 Bxe3 16. Nxe3
Bh5 17. Bh3 g5 18. Nhg2 O-O-O 19. Rhd1 Rd4 20. Ne1 Bg6 21. Bg2 h5 22. N1c2 Nxc2
23. Nxc2 Rdd8 24. Ne3 h4 25. g4 $10 {Knol-Boersma/NLD-chT/1987}) 11... O-O-O
12. Qxc4 Nb4 $15 (12... Nc5 $15) 13. Qxd4 (13. Nxg6 fxg6 14. Qxd4 Rxd4 $15)
13... Rxd4 14. Ng2 (14. b3 $5 e6 15. Bb2 Nd3+ 16. Bxd3 Rxd3 17. Bc3 $10) 14...
Nd7 (14... e6 15. Ne3 Be7 $17) 15. Ne3 Nc5 (15... Ne5 $5 16. Bh3+ (16. Be2
Nbd3+ 17. Bxd3 Nxd3+ 18. Ke2 Nxc1+ 19. Rhxc1 Rxa4 $17) 16... e6 17. O-O Bc5 $17
) 16. Bc4 (16. Nac2 Nxc2+ (16... e5 $5) 17. Nxc2 Rxa4 18. Rxa4 Nxa4 $17) 16...
e6 (16... Ncd3+ 17. Ke2 e6 18. b3 Bc5 $17 (18... Bh5 $17)) 17. Ke2 Be7 (17...
Nxa4 18. b3 Nc5 (18... Nb6 19. Nac2 Rd7 20. Rxa7 $15) 19. Bb2 (19. Nac2 Nxc2
20. Nxc2 Rd7 21. Rxa7 b5 22. Rxd7 Kxd7 23. Bd3 Nxb3 $17) 19... Rd8 20. d4 Nd7
$13) 18. b3 Bf6 19. Rb1 (19. Nac2 $2 Rdd8 $1 20. Rb1 $2 Nxc2 21. Nxc2 Nxe4 $1
$19) 19... Rhd8 20. Rd1 (20. Nac2 $6 Nxc2 21. Nxc2 Rxc4 22. bxc4 Nxe4 $1 $17)
20... Ncd3 21. Bxd3 Nxd3 22. Nac2 R4d7 23. Ne1 Nxc1+ 24. Rbxc1 Bd4 (24... Kc7
$15) (24... Be7 25. Nc4 f6 $15) 25. N1c2 f5 (25... Bb2 26. Rb1 Bf6 $15) 26.
Nxd4 Rxd4 27. d3 fxe4 28. dxe4 e5 29. Nc4 Bf7 $10 30. Rxd4 Rxd4 31. Nd2 Kd7 32.
f4 exf4 33. gxf4 Rd6 34. Rg1 g6 35. Rg3 c5 36. Rc3 Rb6 37. Rh3 (37. Rxc5 Bxb3
38. a5 Rb4 $10) 37... Bg8 38. Kd3 Rb4 39. Kc3 Ke7 40. Rd3 b6 41. Rh3 a6 42. Rg3
Bf7 43. Rh3 Bg8 44. Rg3 Bf7 45. Rg5 a5 46. Rg3 Be6 47. Re3 Kf6 48. Re1 Bf7 49.
h4 Be6 50. Re3 Ke7 51. Re1 Kf6 52. Rf1 Bf7 (52... Bxb3 $6 53. e5+ Kf5 54. Nxb3
Rxa4 $13) 53. Rf3 Be8 54. Re3 Ke7 55. Re1 Kf6 $10 1/2-1/2

[Event "Budapest FS10 GM"]
[Site "Budapest"]
[Date "1993.??.??"]
[Round "8"]
[White "Loginov, Valery A"]
[Black "Lukacs, Peter"]
[Result "1/2-1/2"]
[WhiteElo "2505"]
[BlackElo "2485"]
[Annotator "Horn,Pe"]
[PlyCount "126"]
[EventDate "1993.10.??"]
[EventType "tourn"]
[EventRounds "11"]
[EventCountry "HUN"]
[EventCategory "9"]
[SourceTitle "CBM 038"]
[Source "ChessBase"]
[SourceDate "1994.02.01"]
[SourceVersion "1"]
[SourceVersionDate "1994.02.01"]
[SourceQuality "1"]

1. Nf3 d5 2. g3 c6 3. Bg2 Nf6 4. O-O Bg4 5. c4 e6 6. d3 Nbd7 7. cxd5 exd5 8.
Qc2 (8. Nc3 $14) 8... Bc5 9. e4 (9. Nc3 O-O 10. Bf4 Nh5 11. Bg5 f6 12. Bd2 f5
13. Na4 Bd6 14. e3 Bxf3 15. Bxf3 Nhf6 16. b4 Ne5 17. Bg2 Qe8 $132 {
Taimanov-Vorotnikov/Leningrad/1974}) 9... O-O 10. Nbd2 Bd6 (10... dxe4 11. dxe4
Re8 12. h3 Bh5 (12... Bxf3 $5) 13. Nh4 Be2 14. Re1 Ba6 15. Nb3 Bb6 16. Be3 Bxe3
17. Rxe3 g6 18. Rae1 Nh5 19. e5 Ng7 20. f4 $14 {Etruk-Rozenfeld/Tallinn/1964})
11. h3 Bxf3 12. Nxf3 Re8 13. Nh4 g6 14. f4 (14. Kh2 $2 Nxe4 $17) (14. Be3 dxe4
15. dxe4 Qe7 16. Rad1 Bc5 $13) 14... Nh5 15. Qf2 (15. Kh2 $2 Nxg3 16. Kxg3 Qg5+
17. Kh2 Qxh4 $17) 15... dxe4 16. dxe4 Bc5 17. Be3 Bxe3 18. Qxe3 Qb6 $1 $10 19.
Qxb6 axb6 20. Kh2 (20. Kf2 $2 Nc5) 20... Nc5 21. e5 Red8 $2 (21... b5 $10) 22.
b4 Na4 (22... Nd3 $6 23. b5) 23. Rf2 (23. b5 $6 Rd2) 23... b5 24. f5 Ng7 (24...
Rd3 25. g4 Ng7 26. e6 $16) (24... Rd4 $5) 25. e6 $1 gxf5 (25... g5 26. exf7+
Kxf7 27. Nf3) (25... fxe6 26. fxg6) 26. exf7+ Kxf7 27. Be4 Kg8 28. Nxf5 Nxf5
29. Bxf5 $16 Kg7 (29... Re8 30. Rd1 Re7) 30. Be6 Rf8 31. Raf1 Rxf2+ 32. Rxf2
Rf8 33. Kg2 Nc3 34. Rxf8 Kxf8 35. Kf3 Ke7 36. Bg8 b6 37. Ke3 c5 38. Kd3 (38.
Bxh7 Nxa2 39. bxc5 bxc5 $13) 38... cxb4 39. a3 Nd1 40. axb4 Nf2+ 41. Kd4 h5 42.
Bd5 Nxh3 43. Bf3 Ng5 44. Bxh5 Kd6 45. Bg4 Nf7 46. Be2 Nd8 47. Bxb5 Ne6+ 48. Kc3
(48. Ke4 Nc7 49. Be2 b5 50. Kf5 (50. Kd4 Nd5 $10) 50... Nd5 51. Bxb5 Nxb4 52.
g4 Nd5 53. g5 Ne7+ $10) 48... Ke5 49. Bd7 Ng5 50. Bc6 Nf7 51. Kd3 Nd6 52. Bd7 (
52. Ke3 Nf5+ 53. Kf3 $4 Nd4+) (52. b5 Nf5 53. g4 Nd6 $10) 52... Ne4 53. g4 Nf6
54. Bc8 b5 55. Kc3 Nd5+ 56. Kb3 Kf4 57. Be6 Nc7 58. Bd7 Kg5 59. Bc8 Kf4 60. Bb7
Kxg4 61. Kc3 Kf5 62. Kd4 Ne6+ 63. Kd5 Nf4+ 1/2-1/2

[Event "St Petersburg op"]
[Site "St Petersburg"]
[Date "1994.??.??"]
[Round "3"]
[White "Rustemov, Alexander"]
[Black "Rublevsky, Sergei"]
[Result "0-1"]
[WhiteElo "2435"]
[BlackElo "2550"]
[Annotator "Horn,Pe"]
[PlyCount "56"]
[EventDate "1994.02.??"]
[EventType "swiss"]
[EventRounds "9"]
[EventCountry "RUS"]
[SourceTitle "CBM 041"]
[Source "ChessBase"]
[SourceDate "1994.08.01"]
[SourceVersion "1"]
[SourceVersionDate "1994.08.01"]
[SourceQuality "1"]

1. Nf3 d5 2. g3 Bg4 3. Bg2 Nd7 4. c4 c6 5. cxd5 cxd5 6. Qa4 Bxf3 $1 $10 (6...
Ngf6 7. Nc3 e6 8. Ne5 $1 $14) 7. Bxf3 e6 (7... Ngf6 8. Nc3 e6 9. e4 dxe4 10.
Nxe4 Be7 $1 (10... Nxe4 $6 11. Bxe4 Qb6 12. O-O Bd6 13. d3 Ke7 14. Be3 Nc5 15.
Qc4 $14 {A.Petrosian-Bagirov/URS/1977}) 11. Nxf6+ (11. Nc3 $6 O-O 12. d4 Nb6
13. Qd1 Qd7 $15 {Dorfman-Bagirov/Lvov/1978}) 11... Bxf6 12. Bxb7 O-O $13) 8.
O-O (8. Nc3 a6 (8... Bd6 $6 9. d4 $6 (9. e4 $1) 9... f5 10. Qc2 g6 11. h4 h5
12. Bf4 Bxf4 $6 13. gxf4 Ngf6 14. e3 Kf7 15. O-O-O Qe7 16. Kb1 Ne4 17. Bxe4
fxe4 18. Rdg1 Rag8 19. Rh3 $36 {Szabo-Donner/Beverwijk/1966}) (8... Ngf6 9. O-O
{->8.0-0}) 9. d4 Ngf6 10. O-O b5 11. Qd1 Be7 $10 {A.Petrosian-Sherbakov/EU-Cup/
1991}) 8... Ngf6 9. d3 (9. Nc3 Be7 10. d4 O-O 11. Bg5 a6 12. Rfd1 b5 {remis/De
Boer-Bagirov/Dieren op/1990}) 9... Bc5 (9... Be7 $10) 10. Nc3 (10. d4 Be7 $10)
10... O-O 11. b4 Bd4 12. Bd2 Qb6 13. Rac1 (13. e3 Be5 (13... Bxc3 14. Bxc3 $14)
14. d4 Bd6 15. a3 $10) 13... Ne5 14. Bg2 Rfc8 $1 (14... Neg4 15. e3 Be5 16. h3
$14) (14... Nfg4 15. e3 Bxc3 16. Bxc3 Nxd3 $4 17. Rcd1 $18) 15. h3 (15. e3 Nxd3
(15... Bxc3 16. Rxc3 Rxc3 17. Bxc3 Nxd3 $2 18. Rd1 $18) 16. exd4 Nxc1 17. Rxc1
Qxd4 18. Be1 $13) 15... Nh5 16. e3 Nxd3 (16... Bxc3 $2 17. Rxc3 Rxc3 18. Bxc3
Nxd3 $4 19. Rd1 $18) 17. Nxd5 (17. exd4 Nxg3 18. fxg3 Qxd4+ 19. Kh2 Nxc1 20.
Rxc1 Qxd2 $17) 17... exd5 18. Rxc8+ Rxc8 19. exd4 Nf6 (19... Qxd4 20. Be3 Qxb4
21. Qxa7) 20. b5 (20. Qa5) (20. Be3 Qxb4 (20... Nb2 21. Qb3 Nc4 22. Rc1) 21.
Qxb4 Nxb4 22. Rb1 Nxa2 23. Rxb7 Ra8 24. Bg5 Nc3 25. Bxf6 gxf6 26. Rc7 Nb5 27.
Rc5 Nxd4 28. Bxd5 Rd8) 20... Ne4 21. Ba5 $2 (21. Be3 $6 Rc4 22. Qd1 Rc3) (21.
Bxe4 dxe4 22. d5 $10) 21... Qf6 22. Bc7 $2 (22. Qb3 $2 Qxd4) (22. Qd1 $2 Ndxf2
23. Qe2 (23. Bxe4 Nxd1 24. Rxf6 gxf6 $19) (23. Qf3 Qxf3 24. Bxf3 Nxh3+ 25. Kg2
Nhg5 $19) 23... Qxd4 24. Rxf2 Nxf2 25. Qxf2 Qxf2+ 26. Kxf2 Rc2+ 27. Kg1 Rxa2
$19) (22. Bxe4 dxe4 23. Bd2 $15) 22... Rxc7 23. b6 Rc8 (23... axb6 $4 24. Qe8#)
24. bxa7 Ra8 25. Qb5 Qxd4 26. Qxb7 Qxa7 27. Qxd5 Ndxf2 $19 28. Kh2 Qxa2 0-1

[Event "St Petersburg-ch"]
[Site "St Petersburg"]
[Date "1996.??.??"]
[Round "13"]
[White "Loginov, Valery A"]
[Black "Yemelin, Vasily"]
[Result "0-1"]
[WhiteElo "2525"]
[BlackElo "2460"]
[Annotator "Horn,Pe"]
[PlyCount "94"]
[EventDate "1996.04.??"]
[EventType "tourn"]
[EventRounds "13"]
[EventCountry "RUS"]
[EventCategory "11"]
[SourceTitle "CBM 056"]
[Source "ChessBase"]
[SourceDate "1997.02.01"]
[SourceVersion "1"]
[SourceVersionDate "1997.02.01"]
[SourceQuality "1"]

1. Nf3 Nf6 2. g3 d5 3. Bg2 Nbd7 4. c4 c6 5. cxd5 (5. b3 e5 $5) 5... cxd5 6. Nc3
(6. d4 e6 7. O-O Bd6 8. Nc3 a6 9. Bf4 Bxf4 10. gxf4 O-O 11. e3 $14 {Pavlovic,
M-Nikolic,B/JUG-ch/1991}) 6... e6 7. O-O (7. d3 b6 $6 8. O-O Bb7 9. Bf4 a6 10.
Rc1 Rc8 11. Re1 Be7 12. e4 dxe4 13. dxe4 b5 14. Bd6 b4 15. Bxe7 Qxe7 16. Nd5
$14 {Loginov-Yemelin/St.Petersburg op/1995}) 7... a6 $5 $146 {Es ist klar, daß
Schwarz aus der Begegnung der Kontrahenten vom Vorjahr (->7.d3) seine
Schlußfolgerungen gezogen hat. Er strebt jetzt sofort b7-b5 an.} (7... Bd6 8.
d3 b6 9. Nb5 Bb8 10. Bd2 a6 11. Nbd4 Bb7 {Kirov-Ziatdinov/Beograd/1990} 12. Rc1
$5 $14) (7... Be7 8. d4 O-O 9. Bf4 a6 10. Ne5 Nh5 11. Bd2 g6 12. Bh6 Ng7 $13 {
Sanz-Westerinen/Alicante/1975}) 8. d3 (8. d4 $14) 8... b5 9. e4 (9. a4 b4 10.
Na2) (9. b3 {/\ Bb2 ->A13}) 9... dxe4 10. dxe4 Bb7 11. e5 (11. Bg5 $5) 11...
Nd5 12. Ne4 (12. Nxd5 Bxd5 13. a4 (13. Bg5)) (12. Bg5 $6 Nxc3 13. bxc3 Qc7) (
12. Bd2) 12... h6 {[%csl Rg2] Die Bauernstruktur ähnelt der der Meraner
Verteidigung. Wie dort, hat Schwarz für eine feste Stellung am Damenflügel und
im Zentrum die Entwicklung des Königsflügels hintangestellt.} 13. Re1 (13. Nd4
$6 Nxe5 (13... Nc5) 14. Qh5 Qb8 $15 (14... Nd3 $2 15. Nxe6 $16) 15. Nxe6 $140
$6 g6) 13... Qb6 14. Be3 {Eine radikale Lösung des Entwicklungsproblems des
Bc1. Für das B-Paar kann Weiß den Idealspringer Nd5 beseitigen.} (14. a4 $5)
14... Nxe3 15. Rxe3 Rd8 $1 (15... Nc5 16. Nd6+ Bxd6 17. Qxd6 $14) 16. Qe2 (16.
Nd6+ $2 Bxd6 17. Qxd6 (17. exd6 Nf6 $17 {[%csl Rd6][%cal Yb7d5]}) 17... Qxd6
18. exd6 Nb6 $19 {[%csl Rd6]}) 16... Be7 17. Rd1 O-O 18. Red3 Bd5 {[%cal Rd5c4]
} (18... Nc5 $5) 19. Rxd5 $6 {Bei ruhigem Spielverlauf muß Weiß ständig mit
der Kraft des Läuferpaars rechnen.} (19. b3 Nc5 $15) 19... exd5 20. Nc3 Qe6 21.
Nxd5 Bc5 $8 22. b4 Ba7 23. Nf4 (23. Nc7 $142 $5 Qc4 (23... Qc6 24. e6 Qxc7 25.
e7 $11) (23... Qb6 24. Nd5 (24. e6 fxe6 25. Qxe6+ Kh8 26. Qxb6 Nxb6 $17) 24...
Qe6 (24... Qb7 $2 {[%csl Gg2]} 25. Ne7+ Kh8 26. e6 $16) 25. Nc7 $11) 24. Qxc4
bxc4 25. e6 Nf6 (25... Bb6 26. exd7 Bxc7 27. Bf1 c3 28. Bxa6 c2 29. Rc1 Rxd7
30. Rxc2 $14) 26. Rc1 $11 (26. Rxd8 $2 Rxd8 27. e7 Rd1+ 28. Bf1 c3 $19) 26...
Rd6 (26... Rc8 27. e7 Rxc7 28. exf8=Q+ Kxf8 29. Ne5 $14) (26... Nd5 27. Bh3
$132) 27. Ne5 Rd2 (27... fxe6 28. Nxc4) 28. exf7+ Rxf7 29. Nxf7 Kxf7 30. Rxc4
$11) 23... Qc4 $1 24. Qe1 (24. Qxc4 bxc4 25. e6 Nb6 $19) 24... Rfe8 $1 $19 (
24... Nxe5 $5 25. Nxe5 (25. Rxd8 Nxf3+ 26. Bxf3 Rxd8 $19) 25... Bxf2+ 26. Kxf2
Qc2+ 27. Qe2 Qxd1 28. Qxd1 Rxd1 29. Bd5 $13) 25. e6 fxe6 26. Rxd7 (26. Bh3 Nf8
$19) 26... Rxd7 27. Ne5 Qd4 (27... Bxf2+ $5 28. Kxf2 (28. Qxf2 Rd1+ 29. Bf1
Rxf1+ 30. Qxf1 Qd4+ $19) 28... Qc2+ 29. Ke3 Rd1 30. Qe2 Qc1+ 31. Kf3 Rd2 $19)
28. Nxd7 Qxd7 29. Bh3 Qd4 30. Bxe6+ Kh8 31. Ng6+ Kh7 32. Nf4 g6 $19 33. h4 Bb8
34. Nxg6 Bxg3 (34... Kxg6 35. Bf5+ Kxf5 36. Qxe8 $19) 35. h5 Kg7 36. Kg2 Qxf2+
37. Qxf2 Bxf2 38. Bd5 Be1 39. Bb7 Re6 40. Kf3 Bxb4 41. Nf4 Rb6 42. Be4 Rf6 43.
Kg4 Bd6 44. Nd3 Rf1 45. Bb7 a5 46. Bc6 b4 47. Ba4 Kf6 0-1

[Event "Tilburg"]
[Site "Tilburg"]
[Date "1993.??.??"]
[Round "4"]
[White "Vaganian, Rafael A"]
[Black "Dreev, Alexey"]
[Result "1/2-1/2"]
[WhiteElo "2615"]
[BlackElo "2570"]
[Annotator "Horn,Pe"]
[PlyCount "71"]
[EventDate "1993.11.??"]
[EventType "k.o."]
[EventRounds "7"]
[EventCountry "NED"]
[SourceTitle "CBM 039"]
[Source "ChessBase"]
[SourceDate "1994.04.01"]
[SourceVersion "1"]
[SourceVersionDate "1994.04.01"]
[SourceQuality "1"]

1. Nf3 d5 2. g3 c6 3. Bg2 Bg4 4. c4 e6 5. cxd5 Bxf3 {a safe line} (5... cxd5 $2
6. Ne5) (5... exd5) 6. Bxf3 cxd5 7. O-O Nc6 8. d3 Nf6 9. Nc3 Bc5 (9... Be7 10.
a3 (10. e4 dxe4 11. dxe4 O-O 12. Be3 Nd7 13. Rc1 Bc5 14. Qe2 Qe7 15. Rfd1 Bxe3
16. Qxe3 Rfd8 $10 {Portisch-Matanovic/Wijk aan Zee/1968}) 10... O-O 11. b4 (11.
Bd2 Rc8 12. Rc1 a6 13. Bg2 Nd7 14. Kh1 Nd4 15. b4 Nb6 16. e3 Nb5 17. Qb3 Qd7
18. Ne2 Bf6 $10 {Larsen-Ivkov/Bled/1965}) 11... a5 (11... Rc8 12. Bd2 Qd7 13.
Bg2 Rfd8 14. Rc1 b6 15. Re1 Nd4 $10 {Forintos-Hennings/Kecskemet/1968}) 12. b5
Nd4 13. Bg2 a4 14. Rb1 Nb3 15. Bb2 Nc5 16. e3 Qa5 17. f4 Rac8 $10 {
Keene-Geller/Teesside/1975}) 10. Bd2 (10. Bg2 O-O 11. Bd2 Qe7 12. h3 Rfd8 13.
Rc1 Rac8 14. a3 a6 $10 {Sloth-Gligoric/Kopenhagen/1965}) 10... a6 11. Rc1 Ba7
12. e4 dxe4 13. Nxe4 O-O (13... Nxe4) 14. Nxf6+ (14. Bg5 Bd4) 14... Qxf6 15.
Bxc6 bxc6 16. Rxc6 Qxb2 17. Bc3 (17. Rxa6 $4 Bxf2+ $19) 17... Qb5 (17... Qxa2
18. Qg4 f6 19. Rxe6) 18. Qg4 e5 19. Rc7 Bb6 (19... Qxd3 20. Bxe5 Qg6 21. Qxg6
hxg6 22. Rd1 $14) 20. a4 Qxd3 21. Bxe5 Qg6 22. Qxg6 hxg6 23. Rc6 Ba5 24. Bc7
Bxc7 25. Rxc7 Rfd8 26. Rfc1 Rd4 27. R1c4 Rad8 28. h4 Rxc4 29. Rxc4 Rd1+ 30. Kg2
Ra1 31. Kf3 Ra2 32. Ke3 Kf8 33. Re4 a5 34. f3 Ra3+ 35. Kf4 Rc3 36. g4 1/2-1/2

[Event "Ubeda op 5th"]
[Site "Ubeda"]
[Date "2000.01.20"]
[Round "2"]
[White "Aronian, Levon"]
[Black "Zakharov, Alexander S"]
[Result "0-1"]
[WhiteElo "2587"]
[BlackElo "2426"]
[Annotator "Horn,Pe"]
[PlyCount "78"]
[EventDate "2000.01.19"]
[EventType "swiss"]
[EventRounds "10"]
[EventCountry "ESP"]
[SourceTitle "CBM 075"]
[Source "ChessBase"]
[SourceDate "2000.04.05"]
[SourceVersion "1"]
[SourceVersionDate "2000.04.05"]
[SourceQuality "1"]

1. Nf3 d5 2. g3 Bg4 3. Bg2 Nd7 4. c4 e6 5. cxd5 exd5 6. h3 Bxf3 7. Bxf3 c6 8.
O-O Ngf6 9. d3 Bc5 {Aktiver als} (9... Be7 {, was schon häufig gespielt wurde.}
) 10. Nc3 O-O 11. Qc2 Re8 12. Rd1 $146 {[%cal Ye2e4]} (12. e4 dxe4 13. dxe4 Ne5
14. Be2 Qe7 15. Kg2 Ned7 16. Bd3 Bd4 17. Bg5 Nc5 18. Rfe1 Rad8 19. Rad1 h6 20.
Bxf6 Qxf6 $132 {Ninov,K-Savchenko,S/Cap d'Agde 1994}) 12... Qe7 {Das ist ein
sehr ansehnliches Feld für die Q, sodaß man über die Einschaltung von 12.Rd1
geteilter Meinung sein kann.} 13. e4 dxe4 14. dxe4 Rad8 {Weiß hat einige
statische Punkte gesammelt: Er hat eine Majorität im Zentrum und er hat das
Läuferpaar erobert. Dafür hat Schwarz dynamische Vorteile: er hat
Entwicklungsvorsprung und seine Figuren sind aktiver als die des Gegners. Das
alles verspricht einen spannenden Kampf.} 15. Kg2 {Weiß hebt die Fesselung des
Pf2 auf; dafür verwehrt er dem Bf3 den Rückzug nach g2.} (15. Bf4 Ne5 16. Be2
Bd4 17. Kg2 Ng6 $132) (15. Bg2 Ne5 16. Bd2 (16. Bg5 h6) (16. Bf4 Ng6) 16... Nd3
$132) ({Leider klappt} 15. Kh2 $2 {taktisch nicht:} Ne5 16. Bg2 Bxf2 $1 $19)
15... h6 (15... Ne5 16. Be2) 16. a3 (16. Bf4 Ne5 17. Rxd8 (17. Be2 Ng6 $15)
17... Rxd8 18. Bxe5 Qxe5 19. Rd1 Rxd1 20. Bxd1 $11) 16... Nf8 (16... Ne5 17.
Be2 (17. Rxd8 Rxd8 18. Be2 Qd7 19. Bf4 (19. b4 $2 Bxf2 $1 20. Kxf2 Qxh3 $19)
19... Ng6 20. Rd1 Nxf4+ 21. gxf4 $11)) 17. Rxd8 Rxd8 18. b4 (18. Bd2 $142 Ne6
19. Ne2) 18... Bb6 {Das Feld d4 wird dem Nf8 offengehalten.} ({Weniger
raffiniert wäre} 18... Bd4) 19. Bb2 $2 {Weiß unterschätzt den folgenden Zug;
der Bc1 durfte die Diagonale c1-h6 nicht verlassen.} (19. Na4 Ne6 20. Nxb6 Nd4
$1 (20... axb6 21. Be3 Nd4 22. Bxd4 Rxd4 $11) 21. Qc5 Qxc5 22. bxc5 axb6 (22...
Nc2 $5) 23. Rb1 b5 $17) (19. Bd2 $142 Ne6 20. Ne2 {und die Stellung ist fast
ausgeglichen.}) 19... Ne6 $17 {[%csl Re4][%cal Re6g5,Re6d4] Hier ist klar, daß
die schwarze Strategie des Figurenspiels gegen das weiße Zentrum gesiegt hat.
Weiß muß um das Überleben kämpfen.} 20. e5 {Aronian tritt die Flucht nach
vorne an.} ({Bei defensivem Verhalten bleibt Weiß in der Hinterhand:} 20. Na4
Ng5 21. Nxb6 axb6 22. Re1 (22. Qb3 Nfxe4 $17) 22... Qe6 23. g4 Nxf3 24. Kxf3 h5
25. Bxf6 Qxf6+ $17) (20. h4 Nd4 21. Qd1 Nxf3 22. Qxf3 Rd2 $19) (20. Re1 Ng5 21.
Bd1 Qd7 $17 (21... Qe6 22. g4 Bc7 $17)) 20... Nd7 {[%csl Re5]} 21. Re1 (21. Ne2
Bc7 {und der Pe5 fällt.}) 21... a5 $1 {Aufmerksam.} ({Nach dem naheliegenden} 
21... Nd4 22. Qe4 Nxf3 23. Qxf3 Nxe5 24. Na4 $1 $132 {verflüchtigt sich der
schwarze Vorteil.}) 22. Ne4 ({Vielleicht wäre} 22. Na2 $5 {besser gewesen:} Nd4
({oder} 22... Ng5 23. Bg4 Nf6 (23... h5 24. Bf5 g6 25. e6 $1 $13) 24. Bf5 Nd5
$36) 23. Bxd4 Bxd4 $15) 22... axb4 23. axb4 Bd4 {Konsequent: der Pe5 ist nicht
mehr zu verteidigen.} ({Spielbar, wenn auch weniger klar, ist} 23... Qxb4) 24.
Be2 Nxe5 {Schwarz hat den strategisch wichtigsten weißen Bauern kassiert, ohne
daß Weiß irgendeine Art von Kompensation vorweisen könnte.} 25. Bc3 Bxc3 26.
Qxc3 Rd4 (26... Nd4 27. Rd1 Nxe2 28. Rxd8+ Qxd8 29. Qxe5) 27. Nc5 Qd6 28. Nxe6
$2 (28. Nxb7 $142 {gibt Schwarz die Auswahl zwischen 2 Endspielen mit einem
glatten Mehr(frei)bauern.} Qd5+ ({oder} 28... Qxb4 29. Qxb4 Rxb4 $17) 29. Bf3 (
29. f3 Rd3 $1 $19) (29. Kh2 Rd3 $1 $19) 29... Nxf3 30. Qxf3 Qxf3+ 31. Kxf3 Rxb4
{und die Stellung ist äußerst gewinnträchtig.}) 28... fxe6 {Angesichts der
wunderbar zentralisierten schwarzen Figuren kann man den Pe6 nicht als
ernsthaft schwach betrachten.} 29. Rd1 {Führt zu einem verlorenen
Bauernendspiel} ({Die Alternative} 29. Bh5 {versprach auch keine Rettung:} Qd5+
30. Kg1 Nd3 31. Rxe6 (31. Ra1 Nxb4 $19) 31... Rc4 $1 $19) 29... Rxd1 30. Bxd1
Qxd1 31. Qxe5 Qd5+ 32. Qxd5 exd5 $19 33. f4 Kf7 34. Kf3 h5 35. f5 b6 36. Kf4 c5
37. bxc5 bxc5 38. g4 hxg4 39. hxg4 g6 0-1